000
00238nam a2200097Ia 4500
001
1250415
005
20251031150855.0
008
251031s9999 xx 000 0 und d
245
0
_c
ALBERT CAMUS
_a
E-5 MUTLU ÖLÜM
260
_b
CAN YAYINLARI
999
_c
1250415
_d
1250415